Generalized functions and direct operational methods /
Guardado en:
| Autor Principal: | |
|---|---|
| Formato: | Libro |
| Idioma: | English |
| Publicado: |
Englewood Cliffs, N.J. :
Prentice-Hall,
[1964-
|
| Series: | Prentice-Hall partial differential equations series
|
| Materias: | |
| Etiquetas: |
Agregar Etiqueta
Sin Etiquetas, Sea el primero en etiquetar este registro!
|
| LEADER | 00848cam a22002291a 4500 | ||
|---|---|---|---|
| 001 | MAT.inmabb005537 | ||
| 008 | 741217m19649999njua#####b####000#0#eng## | ||
| 005 | 20160801175552.0 | ||
| 245 | 1 | 0 | |a Generalized functions and direct operational methods / |c T.P.G. Liverman. |
| 260 | |a Englewood Cliffs, N.J. : |b Prentice-Hall, |c [1964- | ||
| 300 | |a v. : |b il. ; |c 24 cm. | ||
| 440 | 0 | |a Prentice-Hall partial differential equations series | |
| 504 | |a Bibliografía: p. 327-329. | ||
| 505 | 1 | |a v. 1. Non-analytic generalized functions in one dimension. | |
| 510 | 4 | |a MR, |c 29 #3841 | |
| 100 | 1 | |a Liverman, T. P. G. |q (Thomas Phillip George), |d 1923- | |
| 650 | 0 | |a Calculus, Operational. | |
| 650 | 0 | |a Functional analysis. | |
| 084 | |a 44.40 |2 MR | ||
| 010 | |a 64016438 | ||
| 040 | |a DLC |c OYU |d OCoLC |d InU |d DLC | ||
| 859 | |h 44 |i L784 |p A-2702 |v 1 |3 Vol. I |b BIB. MATEMATICA | ||
